000 00661nam a2200241Ia 4500
003 OSt
005 20220918201415.0
006 a|||||r|||| 00| 0
007 ta
008 220917b |||||||| |||| 00| 0 eng d
024 _a93,746
037 _cTextual
040 _aARTS
_cARTS
_beng
041 _2eng
_aeng
082 _aV2y7N02:g(X), M6
100 _aMehrotra Nanak Chand
_998627
245 0 _aIndian socialist thinking
_b from Dayananda to J P
260 _aNew Delhi
_bM N Pub
_c1986
300 _avi,272p.
_ccm.
650 _aHISTORY
942 _hV2y7N02:g(X), M6
_cTEXL
_2CC
999 _c217388
_d217388